Les pays dans le camp de l'URSS pendant la guerre froide - Statistiques

Statistiques générales
  • Ce quiz a été pris 70 fois
  • Le résultat moyen est 18 sur 27
Statistiques - réponses
Par images Réponse % Correct
Albanie
99%
Chine
96%
Pologne
93%
Cuba
91%
Corée du Nord
85%
Allemagne de l'est
84%
Roumanie
84%
Tchécoslovaquie
84%
Vietnam
84%
Angola
82%
Hongrie
82%
Bulgarie
79%
Laos
75%
Somalie
74%
Yougoslavie
72%
Mongolie
69%
Madagascar
65%
Burkina Faso
63%
Cambodge
59%
Ethiopie
47%
Grenade
47%
Afghanistan
40%
Mozambique
40%
Congo
19%
Seychelles
19%
Yémen du Sud
18%
Benin
13%
Aucun quiz correspondant
Distribution des résultats
% des personnes avec chaque résultat
Percentile par nombre de réponses
Votre historique - résultats
Vous n’avez pas pris ce quiz